Minecraft Biomes - Statistics

General Stats
  • This quiz has been taken 96 times
  • The average score is 25 of 75
Answer Stats
Snowy/Cold Biomes % Correct
Desert
81%
Forest
74%
The End
73%
Jungle
71%
Plains
71%
Nether Wastes
70%
Dark Forest
67%
Taiga
66%
Badlands
64%
Birch Forest
63%
Savanna
63%
Snowy Tundra
63%
Warped Forest
63%
Crimson Forest
61%
Soul Sand Valley
60%
Basalt Deltas
59%
Swamp
56%
Warm Ocean
54%
Ocean
53%
Cold Ocean
51%
Ice Spikes
51%
Mountains
51%
Beach
47%
Deep Ocean
47%
Small End Islands
46%
River
44%
Frozen Ocean
43%
Lukewarm Ocean
43%
Flower Forest
41%
Bamboo Forest
40%
Mushroom Fields
39%
Snowy Taiga
34%
Deep Cold Ocean
30%
Frozen River
27%
Giant Tree Taiga
27%
Jungle Edge
27%
Sunflower Plains
26%
Deep Frozen Ocean
24%
Savanna Plateau
24%
Deep Lukewarm Ocean
23%
Desert Hills
23%
Eroded Badlands
23%
Giant Spruce Taiga
23%
Snowy Mountains
23%
Tall Birch Forest
23%
End Highlands
21%
Shattered Savanna
21%
Badlands Plateau
20%
End Midlands
19%
Snowy Beach
19%
Stone Shore
19%
Forest Hills
17%
Gravelly Mountains
16%
Jungle Hills
16%
Dark Forest Hills
14%
End Barrens
14%
Birch Forest Hills
13%
Desert Lakes
13%
Swamp Hills
11%
Taiga Hills
11%
Jungle M
10%
Mushroom Field Shore
10%
Wooded Mountains
10%
Snowy Taiga Hills
9%
Wooded Badlands Plateau
9%
Snowy Taiga M
7%
Taiga Mountains
7%
Giant Tree Taiga Hills
6%
Jungle Edge M
6%
Giant Spruce Taiga Hills
4%
Shattered Savanna Plateau
4%
Tall Birch Forest Hills
4%
Badlands Plateau M
1%
Gravelly Mountains Plus
1%
Wooded Badlands Plateau M
1%
No matching quizzes found
Score Distribution
Percent of People with Each Score
Percentile by Number Answered
Your Score History
You have not taken this quiz